000 00499cam a2200181 4500
001 D5864
008 090401t1979 xxu||||| |||| 00| 0 eng d
035 _a(Sirsi) u73867
041 _aeng
050 _a692.8
110 _aThe Institute of Building
_91387
245 _aEstimating Information Service No.34. Contractor Selection: a guide to good practice
260 _aAscot, Berks
_bThe Institute of Building
_c1979
300 _a12p. 30cm
350 _a0
942 _n0
948 _c04/03/1997
999 _c95723
_d95723